Statistics for Countries With No UNESCO Heritage Sites

Click here to take the quiz!

General Stats

  • This quiz has been taken 25 times
  • The average score is 19 of 25

Answer Stats

ContinentCountry% Correct
AsiaBhutan
91%
South AmericaGuyana
91%
AfricaDjibouti
86%
AfricaComoros
82%
AfricaEswatini
82%
North AmericaSaint Vincent and the Grenadines
82%
AfricaSão Tomé and Príncipe
82%
OceaniaTonga
82%
AfricaBurundi
77%
AfricaEquatorial Guinea
77%
AfricaGuinea-Bissau
77%
AsiaKuwait
77%
OceaniaSamoa
77%
North AmericaTrinidad and Tobago
77%
North AmericaBahamas
73%
AsiaBrunei
73%
AsiaEast Timor
73%
North AmericaGrenada
73%
AfricaLiberia
73%
EuropeMonaco
73%
AfricaRwanda
73%
AfricaSierra Leone
73%
AfricaSomalia
73%
AfricaSouth Sudan
73%
AsiaMaldives
59%

Score Distribution

Percentile by Number Answered

Percent of People with Each Score

Your Score History

You have not taken this quiz